| 000 | 00353nam a2200133Ia 4500 | ||
|---|---|---|---|
| 999 |
_c10887 _d10887 |
||
| 008 | 191201s2007 xx 000 0 und d | ||
| 100 | _aAGRAWAL, Anvita | ||
| 245 | 0 | _aTraditional Embroideries of India | |
| 250 | _aRep | ||
| 260 |
_aNew Delhi _bAPH Pub _c2018 |
||
| 300 | _a113 | ||
| 650 | _aBachelor of Fashion and Apparel Design | ||
| 942 |
_2ddc _cBK _02 |
||